logo

Bir Sreshtho Munshi Abdur Rouf Library
Jhenaidah Cadet College

Mindset : (Record no. 12037)

MARC details
000 -LEADER
fixed length control field 00675nam a22002417a 4500
001 - CONTROL NUMBER
JCCL Control Number 12037
003 - CONTROL NUMBER IDENTIFIER
JCCL marc code BD-JhCC
005 - DATE AND TIME OF LATEST TRANSACTION
control field 20221120134024.0
008 - FIXED-LENGTH DATA ELEMENTS--GENERAL INFORMATION
fixed length control field 210308s20122017nyu |||| |||| 001 0 eng d
020 ## - INTERNATIONAL STANDARD BOOK NUMBER
International Standard Book Number 9781780332000
035 ## - SYSTEM CONTROL NUMBER
system control number (BD-JhCC)12037
040 ## - CATALOGING SOURCE
Original cataloging agency BD-JhCC
Modifying agency BD-JhCC
041 ## - LANGUAGE CODE
Language code of Book eng
082 ## - DEWEY DECIMAL CLASSIFICATION NUMBER
Classification number 153.8
Author mark and Year DWE 2017
100 ## - MAIN ENTRY--PERSONAL NAME
Personal name Dweck, Carol S
245 ## - TITLE STATEMENT
Title Mindset :
Remainder of title changing the way you think to fulfil your potential /
Statement of responsibility, etc Carol S Dweck
260 ## - PUBLICATION, DISTRIBUTION, ETC. (IMPRINT)
Place of publication, distribution, etc London :
Name of publisher, distributor, etc Robinson,
Date of publication, distribution, etc 2017.
300 ## - PHYSICAL DESCRIPTION
Pagination ix, 301 p. :
Dimensions 22 cm.
650 ## - SUBJECT ADDED ENTRY--TOPICAL TERM
Topical term or geographic name as entry element Success--Psychological aspects
650 ## - SUBJECT ADDED ENTRY--TOPICAL TERM
Topical term or geographic name as entry element Self-confidence
650 ## - SUBJECT ADDED ENTRY--TOPICAL TERM
Topical term or geographic name as entry element Motivation (Psychology)
942 ## - ADDED ENTRY ELEMENTS (KOHA)
Source of classification or shelving scheme Dewey Decimal Classification
Koha item type Books
Koha issues (borrowed), all copies 4
Holdings
Source of classification or shelving scheme Damaged status Not for loan Home library Current library Shelving location Date of accession Cost, normal purchase price Total Checkouts Full call number Barcode Date last seen Date checked out Copy number Koha item type
Dewey Decimal Classification     JCC Rouf Library JCC Rouf Library General Stacks 03/08/2021 678.00 13 153.8 DWE 2017 16551 01/26/2026 01/20/2026 C-1 Books

JCC Library | Contacts | JCC Home

Last Update on 23 September 2017
Copyright @ 2017-2020 JCC Rouf Library
Rouf Library, Jhenidah Cadet College (JCC), Bangladesh